El maravilloso mundo de las plantas; plantas con fruto comestible /
Guardado en:
| Autor Principal: | |
|---|---|
| Formato: | Libro |
| Publicado: |
Barcelona :
Amz,
1970
|
| Materias: | |
| Etiquetas: |
Agregar Etiqueta
Sin Etiquetas, Sea el primero en etiquetar este registro!
|
| LEADER | 00580nam a22002175a 4500 | ||
|---|---|---|---|
| 001 | CEM.cems016606 | ||
| 005 | 20100408180500.0 | ||
| 008 | 130507s1970##################000#0#####d | ||
| 003 | CEMS | ||
| 020 | |a 8420103748 | ||
| 082 | 0 | 4 | |a 580 |
| 100 | 1 | |a Sironi, A | |
| 245 | 1 | 0 | |a El maravilloso mundo de las plantas; plantas con fruto comestible / |c A Sironi, |
| 260 | |a Barcelona : |b Amz, |c 1970 | ||
| 300 | |a 59 p. | ||
| 653 | |a Higuera | ||
| 653 | |a Nuez de para | ||
| 653 | |a Mango | ||
| 653 | |a Pistacho | ||
| 653 | |a Castaño | ||
| 859 | |a CEMS |b BIB. CEMS - Agricultura |h 580 |i S68 |p A17492.93 |t Ej.1 | ||
